00379 2200157 4500001002100000005001500021020002200036035002000058082000800078084001400086100001700100245003800117260002800155300002600183990001200209INLIS00000000000313520251022015925 a978-602-7999-48-0 a0010-1025000039 a813 a813 DIT c0 aDita Safitri1 aCinta Yang Meragu /cDita Safitri aJakarta :bZettu,c2013 a328 hlm ;c13 x 19 cm a0755923